Экономика инноваций Учебник
Данная книга — второе издание популярного учебника по новой дисци плине «Экономика инноваций». В нем показано взаимодействие рыночной экономики и инноваций рассмотрены инновационное предпринимательство организационные структуры управления инновационной деятельностью изложена роль маркетинга в осуще...
Guardat en:
| Format: | Учебник |
|---|---|
| Edició: | 2 |
| Accés en línia: | https://znanium.ru/catalog/document?id=444617 https://znanium.ru/cover/2094/2094521.jpg |
| Etiquetes: |
Afegir etiqueta
Sense etiquetes, Sigues el primer a etiquetar aquest registre!
|
| LEADER | 03705nam0a2200337 i 4500 | ||
|---|---|---|---|
| 001 | RU\infra-m\znanium\bibl\2094521 | ||
| 003 | https://znanium.ru/catalog/document?id=444617 | ||
| 005 | 20240826000000.0 | ||
| 010 | |a 978-5-9558-0220-6 | ||
| 010 | |a 978-5-16-110571-9 |b электр. издание | ||
| 010 | |a 978-5-16-004984-7 |b ISBN соиздателя | ||
| 100 | |a 20240826d2024 m y0rusy0150 ca | ||
| 101 | 0 | |a rus | |
| 102 | |a RU | ||
| 200 | 1 | |a Экономика инноваций |e Учебник |f Финансовый университет при Правительстве Российской Федерации | |
| 205 | |a 2 |b перераб. и доп. | ||
| 210 | 1 | |a Москва |c Вузовский учебник |d 2024 | |
| 215 | |a 336 с. | ||
| 330 | |a Данная книга — второе издание популярного учебника по новой дисци плине «Экономика инноваций». В нем показано взаимодействие рыночной экономики и инноваций рассмотрены инновационное предпринимательство организационные структуры управления инновационной деятельностью изложена роль маркетинга в осуществлении инноваций. Раскрыто содержание конкурентоспособности инновационной продукции. Приведены сущность и механизм компьютерных информационных технологий в инновационном менеджменте показана роль технического регулирования. Раскрыта сущность рисков и способы их предупреждения при осуществлении инноваций изложены методические подходы к разработке инновационных проектов. Показана взаимосвязь экономических и социальных показателей инновационной деятельности раскрыт порядок финансирования инноваций оценки их экономической эффективности. Для студентов аспирантов и преподавателей вузов слушателей школ бизнеса всех интересующихся экономикой инноваций. | ||
| 333 | |a ВО - Магистратура | ||
| 606 | |a Экономика. Бухгалтерский учет. Финансы |x Отраслевая экономика |2 local | ||
| 608 | |a Учебник |2 local | ||
| 675 | |a 330.35(075.8) |z rus | ||
| 686 | |a 65.2/4-5я73 |2 rubbk | ||
| 686 | |a 27.03.05 |2 okso | ||
| 686 | |a 38.03.01 |2 okso | ||
| 702 | 1 | |a Горфинкель |b В.Я. |g Владимир Яковлевич |p Финансовый университет при Правительстве Российской Федерации |r Под ред. | |
| 702 | 1 | |a Попадюк |b Т.Г. |g Татьяна Геннадьевна |p Финансовый университет при Правительстве Российской Федерации |r Под ред. | |
| 801 | 0 | |a RU |b Общество с ограниченной ответственностью «ЗНАНИУМ» |c 20230804 |2 rusmarc | |
| 856 | 4 | |a znanium.ru |m ebs_support@infra-m.ru |n НИЦ ИНФРА-М |u https://znanium.ru/catalog/document?id=444617 | |
| 856 | 4 | 1 | |a znanium.ru |d /cover/2094 |f 2094521.jpg |q image/jpeg |u https://znanium.ru/cover/2094/2094521.jpg |